000 01299nam0a2200337 4500
001 RU\NLR\bibl\579262
005 20250610135200.0
010 _a5-9557-0080-3
_bв обл.
021 _aRU
_b2004-30100
_91515
035 _aRSL-KNO-002437120
035 _a(NLR Aleph) 000571278
090 _a1594125
_c1594125
100 _a20040525d2004 |||y0rusy50 ca
101 0 _arus
102 _aRU
105 _ay |||||||||
106 _ar
200 1 _aТрудовые споры
_fТ.О. Айман
210 _aМ.
_cРИОР
_d2004
_eДомодедово : ДПК Роспатента
215 _a63, [1] с.
_cтабл.
_d20
606 0 _aТрудовые конфликты
_yРоссийская Федерация
_92198622
_3RU\NLR\auth\661321292
610 0 _aГосударство и право. Юридические науки -- Трудовое право -- Российская Федерация -- Трудовые споры -- Пособие для специалистов
686 _aХ627.52,07
_2rubbk
686 _aХ627.52
700 1 _aАйман
_bТ. О.
_gТатьяна Олеговна
_4070
801 0 _aRU
_bRuMoRKP
_c20040525
_gPSBO
801 1 _aRU
_bRuMoRGB
_c20040525
801 2 _aRU
_bNLR
_c20041201
_gPSBO
942 _cBOOK
980 _aNB